000 00667nam a22001817a 4500
003 UA-OsUOA
001 14665
007 ta
008 20031015b un ||||| |||| 00| 0 ukr d
100 _aВелесик А.
942 _cSA
040 _aUA-OsUOA
_cUA-OsUOA
_dUA-OsUOA
245 _aЛюдина -ножиці з Клесова : [Про майстра з озеленення Клесівського держлісгоспу Сарнен. р-ну , засл. лісовода України О.Ворона]
300 _aС.4
955 _a0
773 0 _w0
_tВісті Рівненщини
_dРівне
_d2003
_g№59/ 16 лип./
650 7 _aВорон О.
_2UDC
999 _c300829
_d300829